| 000 | 00600nam a2200181 u 4500 | ||
|---|---|---|---|
| 001 | 000020437 | ||
| 005 | 20200930011119.0 | ||
| 008 | 100813s2014 dr 000 0 spa d | ||
| 020 | _a9789945468533 | ||
| 040 |
_aDO-SdBNP _bspa _cBNPHU |
||
| 082 |
_axxxxx _bxxxxx |
||
| 100 | 1 |
_aGuerrero Cisneros, Amada, _d1950- _943109 |
|
| 245 | 1 | 0 |
_aEnseñanzas idiomáticas y culturales básicas / _cAmada Guerrero Cisneros. |
| 260 |
_aSanto Domingo, : _bAlfa & Omega, _c2014. |
||
| 300 |
_a163 p. ; _c22 cm. |
||
| 500 | _aIncluye datos biográficos del autor en la contracubierta | ||
| 504 | _aBibliografía : 163 | ||
| 999 |
_c19941 _d19941 |
||